Les mascottes des Jeux Olympiques d'été et d'hiver - Statistiques

Statistiques générales
  • Ce quiz a été pris 4 fois
  • Le résultat moyen est 7 sur 28
Statistiques - réponses
Par images Hint Réponse % Correct
Paris, 2024 (Paris) Phryges
100%
Grenoble, 1968 (Hiver) Shuss
67%
Rio de Janeiro, 2016 (Eté) Vinicius
67%
Pékin, 2008 (Eté) Beibei, Jingjing, Huanhuan, Yingying et Nini
33%
Atlanta, 1996 (Eté) Izzy
33%
Sotchi, 2014 (Hiver) Le Lièvre, l'Ours Polaire et le Léopard
33%
Albertville, 1992 (Hiver) Magique
33%
Tokyo, 2020 (Eté) Miraitowa
33%
Moscou, 1980 (Eté) Misha
33%
Turin, 2006 (Hiver) Neve et Gliz
33%
Athènes, 2004 (Eté) Phevos et Athena
33%
Vancouver, 2010 (Hiver) Quatchi et Miga
33%
Lake Placid, 1980 (Hiver) Roni
33%
Los Angeles, 1984 (Eté) Sam
33%
Sydney, 2000 (Eté) Syd, Olly et Millie
33%
Munich, 1972 (Eté) Waldi
33%
Londres, 2012 (Eté) Wenlock
33%
Montréal, 1976 (Eté) Amik
0%
Pékin, 2022 (Hiver) Bing Dwen Dwen
0%
Barcelone, 1992 (Eté) Cobi
0%
Lillehammer, 1994 (Hiver) Haakon et Kristin
0%
Calgary, 1988 (Hiver) Hidy et Howdy
0%
Séoul, 1988 (Eté) Hodori
0%
Salt Lake City, 2002 (Hiver) Powder, Coal et Copper
0%
Innsbruck, 1976 (Hiver) Schneemandl
0%
Nagano, 1998 (Hiver) Snowlets
0%
PyeongChang, 2018 (Hiver) Soohorang
0%
Sarajevo, 1984 (Hiver) Vučko
0%
Aucun quiz correspondant
Distribution des résultats
% des personnes avec chaque résultat
Percentile par nombre de réponses
Votre historique - résultats
Vous n’avez pas pris ce quiz